Statistics for IGN's Top 100 RPGs of All Time

Click here to take the quiz!

General Stats

  • This quiz has been taken 96 times
  • The average score is 26 of 100

Answer Stats

HintAnswer% Correct
83Final Fantasy
83%
22Final Fantasy IV
75%
40Final Fantasy IX
75%
2Final Fantasy VI
75%
52Final Fantasy VII
75%
31Final Fantasy XII
71%
25The Elder Scrolls V: Skyrim
67%
38Fallout
63%
15Fallout 2
63%
35Baldur's Gate
54%
28Fallout: New Vegas
54%
21The Elder Scrolls III: Morrowind
54%
3Baldur's Gate II: Shadows of Amn
50%
65Dragon Quest VIII: Journey of the Cursed King
50%
84Dragon Warrior VII
50%
26Mass Effect
50%
1Chrono Trigger
46%
89Dragon Age: Inquisition
46%
33Dragon Quest V: Hand of the Heavenly Bride
46%
19EarthBound
46%
10The Witcher 3: Wild Hunt
46%
48Dragon Age: Origins
42%
11Mass Effect 2
42%
14Star Wars: Knights of the Old Republic
38%
8Diablo II
33%
18Final Fantasy Tactics
33%
37Fire Emblem
33%
50Persona 5
33%
47Shin Megami Tensei: Persona 3
33%
85Chrono Cross
29%
12Dark Souls
29%
16Deus Ex
29%
90Divinity: Original Sin
29%
34Paper Mario: The Thousand-Year Door
29%
13Persona 4 Golden
29%
7Secret of Mana
29%
73The Witcher 2: Assassins of Kings
29%
5World of Warcraft
29%
97Fable II
25%
76Icewind Dale II
25%
36Neverwinter Nights
25%
72Neverwinter Nights 2
25%
6Planescape: Torment
25%
56Super Mario RPG: Legend of the Seven Stars
25%
44Xenogears
25%
45Demon's Souls
21%
86Kingdom Hearts II
21%
53Phantasy Star IV
21%
95Pillars of Eternity
21%
68Undertale
21%
9Vagrant Story
21%
27Bloodborne
17%
62Breath of Fire III
17%
100Everquest
17%
59Golden Sun
17%
71Jade Empire
17%
80Mario & Luigi: Superstar Saga
17%
4Pokémon Yellow
17%
60Shining Force II
17%
79Star Ocean: The Second Story
17%
17Suikoden II
17%
23System Shock 2
17%
43Tales of Symphonia
17%
93The Bard's Tale
17%
75The Legend of Dragoon
17%
32Ultima IV: Quest of the Avatar
17%
24Ultima VII: The Black Gate
17%
42Vampire: The Masquerade - Bloodlines
17%
49Xenoblade Chronicles
17%
70Fire Emblem Awakening
13%
94Front Mission 3
13%
78Illusion of Gaia
13%
64Lunar: Eternal Blue
13%
61Lunar: Silver Star Story
13%
41Skies of Arcadia
13%
74Disgaea: Hour of Darkness
8%
91Freedom Force
8%
46Grandia II
8%
58Lufia II: Rise of the Sinistrals
8%
29Monster Hunter 4 Ultimate
8%
69Odin Sphere Leifthrasir
8%
63Phantasy Star Online
8%
30Pokémon Sun and Moon
8%
66Pool of Radiance
8%
55Shadow Hearts: Covenant
8%
20Tactics Ogre: Let Us Cling Together
8%
57Tales of Vesperia
8%
98Titan Quest
8%
99Wizardry 8
8%
88Darkest Dungeon
4%
81EVE Online
4%
67Ni no Kuni: Wrath of the White Witch
4%
39Ogre Battle: The March of the Black Queen
4%
51Stardew Valley
4%
54The World Ends With You
4%
82Ultima Underground: The Stygian Abyss
4%
77Valkyria Chronicles
4%
87Ys Book I & II
4%
92Betrayal at Krondor
0%
96Torchlight II
0%

Score Distribution

Percentile by Number Answered

Percent of People with Each Score

Your Score History

You have not taken this quiz